| 000 | 00892pam a2200289 x 4500 | ||
|---|---|---|---|
| 001 | 2496930 | ||
| 008 | 960807s1995 wlk 00110 wel b | ||
| 015 | _ab9632460 | ||
| 020 | _a0708313191 | ||
| 020 | 1 | 0 |
_a0708313191 _cm |
| 040 | 0 | 0 | _aAB/N-1 |
| 082 | 0 | 0 |
_a398.209429 _220 |
| 091 | 0 | 0 | _aA1188026 |
| 100 | 1 | 0 |
_aDavies, Sioned. _9504 |
| 245 | 1 | 0 |
_aCrefft y cyfarwydd : _bastudiaeth o dechnegau naratif yn Y Mabinogion / _cSioned Davies. |
| 260 |
_aCaerdydd : _bGwasg Prifysgol Cymru, _c1995. |
||
| 300 |
_ax,261p _c23cm _epbk |
||
| 350 | 0 | 0 | _aNo price |
| 504 | 0 | 0 | _aLlyfryddiaeth = Bibliography: p241-256. - Yn cynnwys mynegai = Includes index |
| 630 | 0 | 0 |
_aMabinogi. _9505 |
| 650 | 0 |
_aNarration (Rhetoric) _9506 |
|
| 650 | 0 |
_aStorytellers _zWales _xHistory. _9507 |
|
| 942 |
_2ddc _cBK |
||
| 945 | 0 | 0 |
_aMabinogion _xSee _aMabinogi _z640 |
| 956 | _aNLS | ||
| 999 |
_c263 _d263 |
||